Normal view
MARC view
Entry Topical Term
001 - CONTROL NUMBER
- control field: 18002
003 - CONTROL NUMBER IDENTIFIER
- control field: HDC
005 - DATE AND TIME OF LATEST TRANSACTION
- control field: 20230624073525.0
008 - FIXED-LENGTH DATA ELEMENTS
- fixed length control field: 210302|| aca||aabn | a|a d
040 ## - CATALOGING SOURCE
- Original cataloging agency: HDC
- Transcribing agency: HDC
150 ## - HEADING--TOPICAL TERM
- Topical term or geographic name entry element: Halal beauty industry
670 ## - SOURCE DATA FOUND
- Source citation: Work cat.: (HDC): HALAL BEAUTY TRADE IS BOOMING IN THE UAE, 2016
